01496nab a22002417a 4500999001500000003000400015005001700019008004100036040000700077100004200084245014900126260007300275300001300348500007200361505047000433505008900903650003500992650002001027650002001047650003501067773013901102942001301241 c5677d5677OSt20251226230113.0190603e xxum|||| |||| 00| 0 spa d cPJ 95891aPérez Hortal, María Eugenia13aLa partición por ascendientes en el Código Civil y Comercial de la Nación a diez años de su vigencia /cMaría Eugenia Pérez Hortal.  cCiudad Autónoma de Buenos Aires :aThomson Reuters La Ley, b2025. ap. 62-72 aCita: TR LALEY AR/DOC/1761/2025 Publicado en: RCCyC 2025 (agosto). aSumario: I. Introducción.— II. La partición por donación como herramienta de planificación sucesoria.— III. Partición por ascendientes. Los cambios receptados por el Cód. Civ. y Com.— IV. Los sujetos de la relación jurídica.— V. El objeto del acto particionario.— VI. Mecanismos de protección a la igualdad entre coherederos y a la integralidad de la porción legítima en la partición por ascendientes.— VII. Reflexiones finales.  t¿Te interesa el texto completo? Solicitalo al correo: koha@justierradelfuego.gov.ar 091497aCODIGO CIVIL Y COMERCIAL 09888aSUCESIONES 091084aHEREDEROS 094553aPARTICION DE LA HERENCIA0 0271393170dCiudad Autónoma de Buenos Aires : Thomson Reuters La Ley, 2015-tRevista Código Civil y Comercial. Nº 4 - Agosto 2025 2udccANA